[Event "13. Torneo San Viator"]
[Site "Madrid ESP"]
[Date "2009.11.08"]
[Round "7.14"]
[White "Vidal Herrero-Vior, Pablo"]
[Black "Castro Uceda, Jose Antonio"]
[Result "0-1"]
[WhiteElo "1542"]
[BlackElo "1715"]
[PlyCount "78"]
[EventDate "2009.09.27"]
[EventType "swiss"]
[EventRounds "9"]
[EventCountry "ESP"]
[Source "lmi"]
[SourceDate "2009.09.27"]

1. c4 e5 2. Nc3 Nf6 3. e4 Nc6 4. d3 Bb4 5. Bg5 O-O 6. Nf3 Re8 7. Be2 a6 8. O-O
Bxc3 9. bxc3 b5 10. cxb5 axb5 11. Qc2 d5 12. Bxf6 gxf6 13. Rfd1 Kh8 14. d4 exd4
15. Bxb5 Bd7 16. Bxc6 Bxc6 17. Nxd4 Ba4 18. Nb3 Rxe4 19. Qd3 c6 20. Re1 Qe7 21.
Red1 Bxb3 22. axb3 Rxa1 23. Rxa1 Re1+ 24. Rxe1 Qxe1+ 25. Qf1 Qxc3 26. Qd1 d4
27. Kf1 d3 28. g3 Qc2 29. Ke1 Qc3+ 30. Kf1 c5 31. h3 f5 32. h4 c4 33. bxc4 Qxc4
34. h5 d2+ 35. Kg2 Qc1 36. Qe2 Qe1 37. Qc4 Qe4+ 38. Qxe4 fxe4 39. Kf1 d1=Q+ 0-1

[Event "13. Torneo San Viator"]
[Site "Madrid ESP"]
[Date "2009.11.15"]
[Round "8.1"]
[White "Noval Toldos, Francisco Javier"]
[Black "Salcedo Tornero, Pablo"]
[Result "0-1"]
[WhiteElo "1923"]
[BlackElo "2181"]
[PlyCount "94"]
[EventDate "2009.09.27"]
[EventType "swiss"]
[EventRounds "9"]
[EventCountry "ESP"]
[Source "lmi"]
[SourceDate "2009.09.27"]

1. e4 d6 2. d4 g6 3. Nf3 Bg7 4. Nc3 Nc6 5. Be2 Nf6 6. O-O O-O 7. Bg5 h6 8. Be3
Bg4 9. Qd2 Kh7 10. Ne1 e5 11. d5 Ne7 12. f3 Bd7 13. Nd1 Nfg8 14. c4 f5 15. Nc3
Nf6 16. Nd3 f4 17. Bf2 g5 18. c5 Ng6 19. Rfc1 h5 20. Kf1 g4 21. Ke1 g3 22. Bg1
gxh2 23. Bxh2 Ne8 24. Bg1 Bf6 25. Kd1 Rg8 26. Bf1 Bh4 27. Kc2 Bg3 28. Bf2 Qh4
29. b4 Bxf2 30. Nxf2 Qg3 31. Nd3 Nh4 32. Ne1 Qh2 33. Kb3 Qg1 34. Nd3 Nxg2 35.
Nxe5 dxe5 36. Bb5 Qd4 37. Qxd4 exd4 38. Bxd7 dxc3 39. Rxc3 Ne3 40. Rh1 Kh6 41.
Be6 Rg5 42. Rxe3 fxe3 43. f4 Rg3 44. Bf7 Nf6 45. e5 Rf8 46. e6 Nxd5 47. Rxh5+
Kg7 0-1

[Event "13. Torneo San Viator"]
[Site "Madrid ESP"]
[Date "2009.11.15"]
[Round "8.2"]
[White "Cabañas Bravo, Juan Andres"]
[Black "Rosa Ramirez, Victor Diego"]
[Result "1-0"]
[WhiteElo "2099"]
[BlackElo "1909"]
[PlyCount "48"]
[EventDate "2009.09.27"]
[EventType "swiss"]
[EventRounds "9"]
[EventCountry "ESP"]
[Source "lmi"]
[SourceDate "2009.09.27"]

1. e4 e6 2. d4 d5 3. Nc3 Bb4 4. Bd2 Ne7 5. Qg4 O-O 6. e5 c5 7. a3 Ba5 8. dxc5
d4 9. Ne4 Bxd2+ 10. Nxd2 Nbc6 11. Qe4 f5 12. exf6 Rxf6 13. Ngf3 Ng6 14. Bd3 e5
15. Nh4 Be6 16. Nxg6 hxg6 17. h4 Qf8 18. h5 g5 19. Qh7+ Kf7 20. Ne4 Bf5 21.
Nxg5+ Ke7 22. Bxf5 Rxf5 23. Ne4 Qf7 24. Nd6 Qd5 1-0

[Event "13. Torneo San Viator"]
[Site "Madrid ESP"]
[Date "2009.11.15"]
[Round "8.3"]
[White "Casado Perez, Miguel"]
[Black "Barahona Torrijos, Angel"]
[Result "0-1"]
[WhiteElo "1892"]
[BlackElo "1944"]
[PlyCount "52"]
[EventDate "2009.09.27"]
[EventType "swiss"]
[EventRounds "9"]
[EventCountry "ESP"]
[Source "lmi"]
[SourceDate "2009.09.27"]

1. d4 d5 2. c4 e6 3. Nc3 Nf6 4. Bg5 c5 5. cxd5 cxd4 6. Qxd4 Be7 7. Nf3 exd5 8.
e3 Nc6 9. Qd1 O-O 10. Be2 h6 11. Bxf6 Bxf6 12. O-O Be6 13. Qc1 d4 14. exd4 Nxd4
15. Nxd4 Bxd4 16. Bf3 Qb6 17. Qf4 Rad8 18. Ne2 Bxb2 19. Rfb1 Bxa1 20. Nc3 Qc5
21. Ne4 Qd4 22. Qc1 Bf5 23. Nf6+ Qxf6 24. Rxa1 Rc8 25. Qe1 Rfe8 26. Qd1 Bc2 0-1

[Event "13. Torneo San Viator"]
[Site "Madrid ESP"]
[Date "2009.11.15"]
[Round "8.4"]
[White "Fernandez del Rio, Sergio"]
[Black "Madurga Lopez, Ignacio"]
[Result "1-0"]
[WhiteElo "1954"]
[BlackElo "1821"]
[PlyCount "65"]
[EventDate "2009.09.27"]
[EventType "swiss"]
[EventRounds "9"]
[EventCountry "ESP"]
[Source "lmi"]
[SourceDate "2009.09.27"]

1. d4 Nf6 2. Bg5 e6 3. e4 h6 4. Bxf6 Qxf6 5. Nf3 Be7 6. Bd3 Qg6 7. e5 f5 8.
exf6 Qxf6 9. Nbd2 d6 10. Ne4 Qf7 11. c3 O-O 12. Bc2 g5 13. Qe2 Nd7 14. O-O-O d5
15. Ng3 Bd6 16. Rde1 Nf6 17. Ne5 Bxe5 18. dxe5 Ne4 19. Nxe4 dxe4 20. Bxe4 Qxf2
21. Qh5 Qf4+ 22. Kb1 Rf7 23. g3 Qf2 24. Bg6 Rg7 25. Rhf1 Qc5 26. Rf7 Bd7 27.
Ref1 Qxe5 28. Rxg7+ Qxg7 29. Rf7 Qe5 30. Rxd7 Qe1+ 31. Rd1 Qf2 32. Qxh6 Qf3 33.
Bc2 1-0

[Event "13. Torneo San Viator"]
[Site "Madrid ESP"]
[Date "2009.11.15"]
[Round "8.5"]
[White "Sanz Morinigo, Francisco Javier"]
[Black "Tolosana Esteban, Enrique"]
[Result "0-1"]
[WhiteElo "1736"]
[BlackElo "1825"]
[PlyCount "54"]
[EventDate "2009.09.27"]
[EventType "swiss"]
[EventRounds "9"]
[EventCountry "ESP"]
[Source "lmi"]
[SourceDate "2009.09.27"]

1. e4 c5 2. Nf3 Nc6 3. d4 cxd4 4. Nxd4 Qb6 5. Nb3 Nf6 6. Be3 Qd8 7. Bd3 Ne5 8.
O-O e6 9. c4 Nxd3 10. Qxd3 Be7 11. f4 b6 12. Nc3 a6 13. Nd5 exd5 14. cxd5 Bc5
15. Bxc5 bxc5 16. d6 Qb6 17. Kh1 Bb7 18. e5 Ng4 19. Qg3 c4 20. Qxg4 cxb3 21.
Qg5 O-O 22. f5 f6 23. Qg4 fxe5 24. f6 Rf7 25. Rf5 Qxd6 26. Rd1 Qe6 27. axb3
Rxf6 0-1

[Event "13. Torneo San Viator"]
[Site "Madrid ESP"]
[Date "2009.11.15"]
[Round "8.6"]
[White "Martin Mazuelo, Miguel Angel"]
[Black "Takvor Mena, Samuel"]
[Result "1-0"]
[WhiteElo "1955"]
[BlackElo "1604"]
[PlyCount "178"]
[EventDate "2009.09.27"]
[EventType "swiss"]
[EventRounds "9"]
[EventCountry "ESP"]
[Source "lmi"]
[SourceDate "2009.09.27"]

1. f4 Nc6 2. b3 d5 3. Bb2 Bf5 4. e3 e6 5. Nf3 Nf6 6. Bb5 a6 7. Bxc6+ bxc6 8.
Ne5 c5 9. O-O Be7 10. d3 O-O 11. Nd2 Qd6 12. d4 Ne4 13. Nxe4 Bxe4 14. Ba3 Qb6
15. Nd7 Qa7 16. Nxf8 Bxf8 17. c3 cxd4 18. Bxf8 dxe3 19. Qd4 Qxd4 20. cxd4 Kxf8
21. Rfe1 Ke7 22. Rac1 Kd6 23. Rxe3 Rc8 24. Rec3 c6 25. Rc5 Bd3 26. R1c3 Bb1 27.
a3 f6 28. Kf2 Bg6 29. b4 Be8 30. Ke2 Rb8 31. Kd2 Rb6 32. Kc2 Bh5 33. Rh3 Bg6+
34. Kb3 Bf5 35. Rhc3 Bg6 36. Ka4 Be8 37. Ka5 Kc7 38. Re3 Bf7 39. f5 Rb8 40.
fxe6 Bg6 41. e7 Be8 42. Rh3 h5 43. Rg3 g6 44. Re3 Kd6 45. Kxa6 Kc7 46. Ka7 Rb7+
47. Ka6 Rb8 48. Rxc6+ Kxc6 49. b5+ Kc7 50. Rc3+ Kd7 51. b6 Ra8+ 52. Kb7 Ra4 53.
Rc7+ Kd6 54. Kc8 Ra8+ 55. Kb7 Rxa3 56. Kb8 f5 57. b7 f4 58. Kc8 Rb3 59. b8=Q
Rxb8+ 60. Kxb8 Bd7 61. Rc2 Kxe7 62. Kc7 Bf5 63. Rf2 Be4 64. Rxf4 Bxg2 65. h4
Be4 66. Kc6 Bh1 67. Kc5 Ke6 68. Kb4 Bg2 69. Kc3 Bh1 70. Kd2 Bg2 71. Ke3 Bh1 72.
Rf2 Be4 73. Kf4 Bf5 74. Kg5 Be4 75. Rf6+ Ke7 76. Rxg6 Bxg6 77. Kxg6 Ke6 78. Kg5
Kf7 79. Kf5 Ke7 80. Ke5 Kd7 81. Kxd5 Ke7 82. Kc6 Kf6 83. d5 Kf5 84. d6 Kg4 85.
d7 Kxh4 86. d8=Q+ Kg3 87. Qd3+ Kh2 88. Qe2+ Kh1 89. Qxh5+ Kg2 1-0

[Event "13. Torneo San Viator"]
[Site "Madrid ESP"]
[Date "2009.11.15"]
[Round "8.7"]
[White "Rubio Campos, Juan"]
[Black "Molina Garcia, Francisco Javier"]
[Result "1/2-1/2"]
[WhiteElo "1690"]
[BlackElo "1866"]
[PlyCount "47"]
[EventDate "2009.09.27"]
[EventType "swiss"]
[EventRounds "9"]
[EventCountry "ESP"]
[Source "lmi"]
[SourceDate "2009.09.27"]

1. e4 c5 2. Nf3 d6 3. d4 cxd4 4. Nxd4 Nf6 5. Nc3 a6 6. f4 e5 7. Nf3 Qc7 8. a4
Be7 9. Bd3 O-O 10. O-O Nc6 11. Kh1 Nb4 12. Qe1 Nxd3 13. cxd3 b6 14. fxe5 dxe5
15. Bg5 Bb7 16. Qg3 Nh5 17. Qh4 Bxg5 18. Nxg5 h6 19. Qxh5 hxg5 20. Qxg5 Rad8
21. Rac1 Qd6 22. Rcd1 Qd4 23. Qe7 Rd7 24. Qa3 1/2-1/2

[Event "13. Torneo San Viator"]
[Site "Madrid ESP"]
[Date "2009.11.15"]
[Round "8.9"]
[White "Cuadros Fernandez, Jose Luis"]
[Black "Maseda Iglesias, Luis"]
[Result "0-1"]
[WhiteElo "1668"]
[BlackElo "1845"]
[PlyCount "28"]
[EventDate "2009.09.27"]
[EventType "swiss"]
[EventRounds "9"]
[EventCountry "ESP"]
[Source "lmi"]
[SourceDate "2009.09.27"]

1. d4 d5 2. c4 e6 3. Nf3 Nf6 4. Bg5 c6 5. Nc3 Nbd7 6. cxd5 exd5 7. e3 Be7 8.
Be2 O-O 9. O-O Re8 10. a3 Nf8 11. Qc2 g6 12. b4 Bf5 13. Qb3 Ne6 14. Ne5 Nxg5
0-1

[Event "13. Torneo San Viator"]
[Site "Madrid ESP"]
[Date "2009.11.15"]
[Round "8.12"]
[White "Garcia-Ines Sanchez, Gustavo"]
[Black "Alonso Herrero, Ignacio"]
[Result "0-1"]
[WhiteElo "1746"]
[BlackElo "1841"]
[PlyCount "128"]
[EventDate "2009.09.27"]
[EventType "swiss"]
[EventRounds "9"]
[EventCountry "ESP"]
[Source "lmi"]
[SourceDate "2009.09.27"]

1. e4 e5 2. Nf3 Nc6 3. Bb5 Bc5 4. c3 Qf6 5. O-O Nge7 6. d3 h6 7. Nbd2 d6 8. Nb3
Bb6 9. d4 Bd7 10. d5 Nb8 11. Be2 g5 12. Ne1 Na6 13. Bh5 Bb5 14. Nd3 O-O-O 15.
a4 Bd7 16. a5 Bc5 17. Be3 Rdg8 18. Nbxc5 dxc5 19. Nxc5 Nxc5 20. Bxc5 g4 21. f4
exf4 22. Bd4 Qh4 23. Bxf7 g3 24. Qh5 gxh2+ 25. Kh1 Qxh5 26. Bxh5 Rh7 27. Rxf4
Bb5 28. Kxh2 Ng6 29. Bxg6 Rxg6 30. b3 c5 31. Bxc5 Rhg7 32. Rg1 Rg3 33. Bd6 R3g5
34. g4 Be2 35. Bf8 R7g6 36. Rf5 Rxg4 37. Rxg4 Rxg4 38. Kh3 Rxe4 39. Bxh6 Bg4+
40. Kg2 Bxf5 41. Kf3 Rh4 42. Bf4 Rh3+ 43. Bg3 Be4+ 44. Kg4 Rxg3+ 45. Kxg3 Bxd5
46. b4 Kc7 47. Kf4 Kc6 48. Ke3 Kb5 49. Kd4 Bc4 50. Ke3 Bf1 51. Kd4 Bh3 52. Kd5
Bf1 53. Kd4 Ka4 54. Kc5 Kb3 55. Kd4 Be2 56. Kc5 Kxc3 57. b5 Kb3 58. a6 b6+ 59.
Kc6 Kb4 60. Kb7 Kxb5 61. Kxa7 Bf3 62. Kb8 Kxa6 63. Kc7 b5 64. Kd6 b4 0-1

[Event "13. Torneo San Viator"]
[Site "Madrid ESP"]
[Date "2009.11.15"]
[Round "8.13"]
[White "Nunez Alonso, Juan"]
[Black "Sarabia Utrilla, Joaquin"]
[Result "0-1"]
[WhiteElo "1555"]
[BlackElo "1786"]
[PlyCount "66"]
[EventDate "2009.09.27"]
[EventType "swiss"]
[EventRounds "9"]
[EventCountry "ESP"]
[Source "lmi"]
[SourceDate "2009.09.27"]

1. e4 e5 2. Nf3 Nf6 3. Nxe5 Nxe4 4. Qe2 Qe7 5. Qxe4 d6 6. d4 dxe5 7. Qxe5 Qxe5+
8. dxe5 Bf5 9. Bd3 Bxd3 10. cxd3 Nc6 11. O-O O-O-O 12. Bf4 Nb4 13. Nc3 Nxd3 14.
Bg3 Nxb2 15. Nb5 Bc5 16. Rac1 Nd3 17. Rxc5 Nxc5 18. Rc1 Ne6 19. Nd6+ Rxd6 20.
exd6 c6 21. a4 Nd4 22. Kf1 Re8 23. Rc4 Nf5 24. Bf4 Kd7 25. Rb4 b6 26. a5 b5 27.
g4 Nxd6 28. Rd4 Re6 29. Bg3 Ke7 30. f4 Nc4 31. Bh4+ f6 32. f5 Rd6 33. Re4+ Kd7
0-1

[Event "13. Torneo San Viator"]
[Site "Madrid ESP"]
[Date "2009.11.21"]
[Round "9.1"]
[White "Salcedo Tornero, Pablo"]
[Black "Cabañas Bravo, Juan Andres"]
[Result "1-0"]
[WhiteElo "2181"]
[BlackElo "2099"]
[PlyCount "79"]
[EventDate "2009.09.27"]
[EventType "swiss"]
[EventRounds "9"]
[EventCountry "ESP"]
[Source "lmi"]
[SourceDate "2009.09.27"]

1. g3 Nf6 2. Bg2 d5 3. d3 g6 4. Nd2 Bg7 5. e3 c5 6. Ne2 Nc6 7. O-O O-O 8. h3
Qc7 9. a3 h5 10. f4 Rd8 11. Nf3 c4 12. Bd2 cxd3 13. cxd3 Qb6 14. Ra2 Bf5 15.
Nc1 a5 16. Nh4 Bd7 17. b3 e6 18. Nf3 Ne7 19. Kh2 Nf5 20. Qe1 Bc6 21. Ne5 a4 22.
b4 Bb5 23. g4 Ne7 24. Bc3 Rac8 25. Bd4 Qc7 26. Qh4 b6 27. Bf3 hxg4 28. hxg4 Qb8
29. Kg3 Rc7 30. Rh2 g5 31. Qxg5 Ne8 32. Rfh1 Kf8 33. Rh8+ Ng8 34. R8h7 f6 35.
Ng6+ Kf7 36. Qh5 Rxc1 37. Rxc1 e5 38. Nxe5+ Ke6 39. Qf7+ Kd6 40. Qxd5+ 1-0

[Event "13. Torneo San Viator"]
[Site "Madrid ESP"]
[Date "2009.11.22"]
[Round "9.2"]
[White "Rosa Ramirez, Victor Diego"]
[Black "Fernandez del Rio, Sergio"]
[Result "1-0"]
[WhiteElo "1909"]
[BlackElo "1954"]
[PlyCount "77"]
[EventDate "2009.09.27"]
[EventType "swiss"]
[EventRounds "9"]
[EventCountry "ESP"]
[Source "lmi"]
[SourceDate "2009.09.27"]

1. e4 c5 2. c3 d5 3. exd5 Qxd5 4. d4 Nc6 5. Nf3 Bg4 6. Be2 cxd4 7. cxd4 e6 8.
O-O Nf6 9. Nc3 Qa5 10. h3 Bh5 11. Qb3 Qb6 12. Qa4 Be7 13. g4 Bg6 14. Be3 Qb4
15. Bb5 Qxa4 16. Nxa4 O-O 17. Nc5 Bxc5 18. dxc5 Nd5 19. Bxc6 bxc6 20. a3 a5 21.
Ne5 Ne7 22. Rfd1 Rfd8 23. Rd6 Be4 24. a4 Bd5 25. Bd2 Rdb8 26. Bc3 f6 27. Nd7
Rb3 28. Nb6 Ra7 29. Nxd5 exd5 30. Re1 Kf7 31. Kg2 Ng6 32. Rxc6 Nf4+ 33. Kh2
Nxh3 34. Rb6 Rxc3 35. bxc3 Nxf2 36. c6 Kg6 37. Rb7 Ra6 38. c7 Rc6 39. Re8 1-0

[Event "13. Torneo San Viator"]
[Site "Madrid ESP"]
[Date "2009.11.22"]
[Round "9.3"]
[White "Barahona Torrijos, Angel"]
[Black "Noval Toldos, Francisco Javier"]
[Result "0-1"]
[WhiteElo "1944"]
[BlackElo "1923"]
[PlyCount "81"]
[EventDate "2009.09.27"]
[EventType "swiss"]
[EventRounds "9"]
[EventCountry "ESP"]
[Source "lmi"]
[SourceDate "2009.09.27"]

1. e4 c5 2. a3 e6 3. b4 Nc6 4. Bb2 cxb4 5. axb4 Nxb4 6. Na3 Qc7 7. Nf3 Nf6 8.
e5 Nfd5 9. c3 Nc6 10. Nb5 Qb8 11. d4 a6 12. Na3 d6 13. c4 Nf4 14. d5 Nxe5 15.
Nxe5 dxe5 16. Qa4+ Bd7 17. Nb5 exd5 18. cxd5 Nxd5 19. Qe4 Bb4+ 20. Kd1 O-O 21.
Bd3 Nf6 22. Qxb4 Bxb5 23. Bxb5 Rd8+ 24. Ke2 Nd5 25. Qe4 axb5 26. Rxa8 Qxa8 27.
Rc1 Nf4+ 28. Kf3 Nd3 29. Ra1 Qb8 30. Bc3 f5 31. Qh4 b4 32. Bxb4 Rd4 33. Qe7
Rxb4 34. Rd1 e4+ 35. Ke2 Rb2+ 36. Kf1 Rxf2+ 37. Kg1 Re2 38. Qe6+ Kh8 39. Qxf5
Qa7+ 40. Kh1 Qb8 41. h4 0-1

[Event "13. Torneo San Viator"]
[Site "Madrid ESP"]
[Date "2009.11.22"]
[Round "9.4"]
[White "Tolosana Esteban, Enrique"]
[Black "Martin Mazuelo, Miguel Angel"]
[Result "1-0"]
[WhiteElo "1825"]
[BlackElo "1955"]
[PlyCount "69"]
[EventDate "2009.09.27"]
[EventType "swiss"]
[EventRounds "9"]
[EventCountry "ESP"]
[Source "lmi"]
[SourceDate "2009.09.27"]

1. e4 c5 2. Nf3 e6 3. d4 cxd4 4. Nxd4 Nf6 5. Nc3 d6 6. Be3 a6 7. Be2 b5 8. a3
Bb7 9. f3 Be7 10. O-O Nbd7 11. b4 Rc8 12. Ncxb5 axb5 13. Bxb5 O-O 14. c4 Ne8
15. a4 Ne5 16. Qb3 Nc7 17. Rfc1 Kh8 18. a5 Ra8 19. f4 Nxb5 20. cxb5 Ng4 21. Nc6
Qd7 22. a6 Bxc6 23. bxc6 Qc7 24. b5 Nxe3 25. b6 Rfb8 26. bxc7 Rxb3 27. Rab1 d5
28. Rxb3 Bd6 29. Rb8+ Rxb8 30. cxb8=Q+ Bxb8 31. c7 Bxc7 32. Rxc7 h5 33. a7 dxe4
34. a8=Q+ Kh7 35. Qxe4+ 1-0

[Event "13. Torneo San Viator"]
[Site "Madrid ESP"]
[Date "2009.11.22"]
[Round "9.5"]
[White "Franco Rincon, David"]
[Black "Casado Perez, Miguel"]
[Result "0-1"]
[WhiteElo "1804"]
[BlackElo "1892"]
[PlyCount "78"]
[EventDate "2009.09.27"]
[EventType "swiss"]
[EventRounds "9"]
[EventCountry "ESP"]
[Source "lmi"]
[SourceDate "2009.09.27"]

1. e4 e6 2. d4 c5 3. c3 d5 4. exd5 exd5 5. dxc5 Bxc5 6. Bf4 Nf6 7. Nf3 O-O 8.
Be2 Qb6 9. O-O Qxb2 10. Nbd2 Bf5 11. Nb3 Bb6 12. Bd3 Ne4 13. Bxe4 Bxe4 14. Be5
Nc6 15. Qd2 Qxd2 16. Nbxd2 Nxe5 17. Nxe5 Bf5 18. Nb3 f6 19. Nf3 Rfe8 20. Rfe1
Kf7 21. Rad1 Rxe1+ 22. Rxe1 Rc8 23. Rc1 Bd7 24. Kf1 Bb5+ 25. Kg1 Bc4 26. Nfd4
g6 27. g3 a6 28. a4 Bxb3 29. Nxb3 Rc4 30. a5 Bc7 31. Kf1 Be5 32. Ke2 Rxc3 33.
Rxc3 Bxc3 34. Nc5 Bxa5 35. Nxb7 Bc7 36. Kd3 Bb6 37. Nd6+ Ke6 38. Nc8 Bxf2 39.
Kc3 Kd7 0-1

[Event "13. Torneo San Viator"]
[Site "Madrid ESP"]
[Date "2009.11.22"]
[Round "9.6"]
[White "Maseda Iglesias, Luis"]
[Black "Castro Uceda, Jose Antonio"]
[Result "1-0"]
[WhiteElo "1845"]
[BlackElo "1715"]
[PlyCount "59"]
[EventDate "2009.09.27"]
[EventType "swiss"]
[EventRounds "9"]
[EventCountry "ESP"]
[Source "lmi"]
[SourceDate "2009.09.27"]

1. d4 d5 2. c4 dxc4 3. e3 e6 4. Bxc4 Nf6 5. Nf3 Bb4+ 6. Bd2 Bxd2+ 7. Nbxd2 O-O
8. O-O b6 9. Qe2 Bb7 10. Rac1 Nbd7 11. Rfd1 Rc8 12. Ba6 Rb8 13. Bxb7 Rxb7 14.
Qa6 Qb8 15. Nc4 b5 16. Nce5 Nxe5 17. Nxe5 Rb6 18. Qa5 Qb7 19. Rc2 Rc8 20. Rdc1
Ne8 21. Nd7 Ra6 22. Qb4 Rd6 23. Nc5 Qb6 24. Ne4 Rd7 25. Rc6 Qb7 26. f3 f5 27.
Ng5 Rd6 28. Nxe6 Kf7 29. Rxd6 Nxd6 30. Rxc7+ 1-0

[Event "13. Torneo San Viator"]
[Site "Madrid ESP"]
[Date "2009.11.22"]
[Round "9.7"]
[White "Madurga Lopez, Ignacio"]
[Black "Rubio Campos, Juan"]
[Result "1-0"]
[WhiteElo "1821"]
[BlackElo "1690"]
[PlyCount "85"]
[EventDate "2009.09.27"]
[EventType "swiss"]
[EventRounds "9"]
[EventCountry "ESP"]
[Source "lmi"]
[SourceDate "2009.09.27"]

1. e4 e5 2. Nf3 Nf6 3. Nxe5 d6 4. Nf3 Nxe4 5. d4 d5 6. Bd3 Bd6 7. O-O O-O 8. c4
c6 9. cxd5 cxd5 10. Nc3 Nxc3 11. bxc3 Bg4 12. Rb1 Nd7 13. Rb5 Nb6 14. h3 Bh5
15. c4 a6 16. Rxb6 Qxb6 17. c5 Bxc5 18. dxc5 Qxc5 19. Bxh7+ Kh8 20. g4 Kxh7 21.
gxh5 Qc6 22. Ng5+ Kg8 23. Qd3 f5 24. Ba3 Rf6 25. Be7 Raf8 26. Bxf8 Rxf8 27. Rd1
Qc4 28. Qxd5+ Qxd5 29. Rxd5 Rf6 30. Rd8+ Rf8 31. Rxf8+ Kxf8 32. Ne6+ Kg8 33.
Nc5 Kh7 34. Nxb7 Kh6 35. Nc5 a5 36. Nb3 a4 37. Nc5 a3 38. Ne6 Kxh5 39. Nxg7+
Kg5 40. Ne6+ Kh4 41. Kg2 Kh5 42. f4 Kg6 43. Nd4 1-0

[Event "13. Torneo San Viator"]
[Site "Madrid ESP"]
[Date "2009.11.22"]
[Round "9.8"]
[White "Takvor Mena, Samuel"]
[Black "Sanz Morinigo, Francisco Javier"]
[Result "1/2-1/2"]
[WhiteElo "1604"]
[BlackElo "1736"]
[PlyCount "146"]
[EventDate "2009.09.27"]
[EventType "swiss"]
[EventRounds "9"]
[EventCountry "ESP"]
[Source "lmi"]
[SourceDate "2009.09.27"]

1. e4 c5 2. Nc3 Nc6 3. Bc4 g6 4. f4 d6 5. d3 Bg7 6. Nf3 e6 7. O-O a6 8. Qe1
Nge7 9. Qh4 Na5 10. Bb3 Nxb3 11. axb3 Nc6 12. Qg3 O-O 13. Be3 Qe7 14. Nh4 Nd4
15. Bxd4 cxd4 16. Ne2 e5 17. f5 Bh6 18. c4 Bd7 19. f6 Qe6 20. Nf5 Be3+ 21. Nxe3
dxe3 22. Qxe3 Kh8 23. Qh6 Rg8 24. Nc3 g5 25. Nd5 Rg6 26. Qh5 Qg4 27. Qxg4 Bxg4
28. Ne7 Rh6 29. Rf2 Be6 30. g3 Bd7 31. Kg2 g4 32. b4 Rh5 33. Kf1 Rg5 34. Ke2 h5
35. Kd2 Re8 36. Ra2 Be6 37. b5 Ra8 38. bxa6 bxa6 39. Kc3 h4 40. b4 hxg3 41.
hxg3 Rh5 42. Rad2 Kh7 43. Rh2 Rh3 44. Rxh3+ gxh3 45. d4 Kh6 46. d5 Bg4 47. c5
Kg5 48. cxd6 Kxf6 49. Kc4 Rh8 50. Rh2 Bf3 51. Kc5 Bxe4 52. Kc6 Bf5 53. Kc7 e4
54. Nxf5 Kxf5 55. d7 Kg4 56. d8=Q Rxd8 57. Kxd8 Kxg3 58. Rh1 Kg2 59. Ra1 h2 60.
Kc7 h1=Q 61. Rxh1 Kxh1 62. d6 e3 63. d7 e2 64. d8=Q e1=Q 65. Qh8+ Kg2 66. Qb2+
Qf2 67. Qxf2+ Kxf2 68. Kb6 f5 69. Kxa6 f4 70. b5 f3 71. b6 Kg2 72. b7 f2 73.
b8=Q f1=Q+ 1/2-1/2

[Event "13. Torneo San Viator"]
[Site "Madrid ESP"]
[Date "2009.11.22"]
[Round "9.10"]
[White "Sarabia Utrilla, Joaquin"]
[Black "Cepas Castillo, Juan Carlos"]
[Result "1-0"]
[WhiteElo "1786"]
[BlackElo "1602"]
[PlyCount "123"]
[EventDate "2009.09.27"]
[EventType "swiss"]
[EventRounds "9"]
[EventCountry "ESP"]
[Source "lmi"]
[SourceDate "2009.09.27"]

1. d4 Nf6 2. c4 g6 3. Nc3 d5 4. cxd5 Nxd5 5. e4 Nxc3 6. bxc3 Bg7 7. Bc4 c5 8.
Ne2 Nc6 9. Be3 cxd4 10. cxd4 Qa5+ 11. Bd2 Qd8 12. Bc3 O-O 13. O-O a6 14. h3 b5
15. Bb3 b4 16. Bb2 Qb6 17. Rc1 Bb7 18. Qd2 Na5 19. d5 Nxb3 20. axb3 Bxb2 21.
Qxb2 Rfc8 22. Qe5 Qd6 23. Qxd6 exd6 24. Nd4 Kf8 25. f3 Ke7 26. Kf2 f5 27. Ke3
fxe4 28. fxe4 a5 29. Nc6+ Bxc6 30. Rxc6 Rxc6 31. dxc6 Ra6 32. Rc1 Kd8 33. Kd4
Kc7 34. Kd5 a4 35. bxa4 Rxa4 36. Rb1 Ra5+ 37. Kd4 Kxc6 38. Rxb4 h5 39. Rb3 Rg5
40. g3 Ra5 41. Ke3 g5 42. h4 gxh4 43. gxh4 Kd7 44. Kf4 Ke6 45. Rg3 Kf6 46. Rg8
Kf7 47. Rg5 Ra1 48. Rxh5 Rf1+ 49. Ke3 Re1+ 50. Kd4 Rd1+ 51. Kc4 Rc1+ 52. Kd3
Rd1+ 53. Ke2 Rd4 54. Ke3 Rd1 55. Rd5 Re1+ 56. Kf4 Rf1+ 57. Kg5 Rg1+ 58. Kh5 Rg6
59. Rf5+ Kg7 60. Rg5 Rxg5+ 61. hxg5 Kh7 62. g6+ 1-0